| 000 | 00585cab a22001935a 4500 | ||
|---|---|---|---|
| 001 | L157779 | ||
| 008 | 130514e2013 xxk 000 0 eng d | ||
| 035 | _a(Sirsi) u157779 | ||
| 041 | 0 | _aeng | |
| 100 | 1 | _aBranson, Adam | |
| 245 | 0 | 0 |
_aGreen for growth 3 _benergy infrastructure |
| 260 | _c2013 | ||
| 490 |
_aBuilding _v(278) 8 February 2013, 36-39(4) |
||
| 520 | _aPart 3 of the Green for Growth series. Explores how government policy could provide a boost to low carbon schemes. | ||
| 590 | _aKA | ||
| 651 | 4 |
_aUnited Kingdom _y |
|
| 690 |
_aInfrastructure _96246 |
||
| 942 | _n0 | ||
| 999 |
_c84462 _d84462 |
||